=LDR 00000nam 2200000 4500 =001 NUTBA000000000004854 =005 20200911102533 =035 ##$$a 0010-101400000000084 =008 200911################g##########0#ind## =020 ##$$a 978-979-29-0303-4 =040 ##$$a Ind =090 ##$$a 302.35$bSop p =100 ##$$a Sopiah =245 1#$$a Perilaku organisasional /$c Dr. Sopiah, MPd., MM; editor, Fl. Sigit Suyantoro =260 ##$$a Yogyakarta :$b Andi,$c 2011 =300 ##$$a ix, 230 hlm. : $b ilus. ; $c 23 x 16 cm. =850 ##$$a NBPN MAT =650 #4$$a Organisasi - Perilaku =082 ##$$a 302.35 =084 ##$$a 302.35 SOP p =700 #$$a Suyantoro, Fl. Sigit =990 ##$$a 21403901 =990 ##$$a 21403897 =990 ##$$a 21413787 =990 ##$$a 21413788 =990 ##$$a 21413789 =990 ##$$a 21413790 =990 ##$$a 21413791 =990 ##$$a 21403899 =990 ##$$a 21403900 =990 ##$$a 21403901 =990 ##$$a 21403897 =990 ##$$a 21413787 =990 ##$$a 21413788 =990 ##$$a 21413789 =990 ##$$a 21413790 =990 ##$$a 21413791 =990 ##$$a 21403899 =990 ##$$a 21403900 =990 ##$$a 21403901 =990 ##$$a 21403897 =990 ##$$a 21413787 =990 ##$$a 21413788 =990 ##$$a 21413789 =990 ##$$a 21413790 =990 ##$$a 21413791 =990 ##$$a 21403899 =990 ##$$a 21403900